|
|
|
|
| LEADER |
00000cam a2200000 a 4500 |
| 001 |
vtls011583765 |
| 003 |
SK-MaSNL |
| 005 |
20260301042828.0 |
| 008 |
240314s2016 xo a g f 000 0 slo |
| 015 |
|
|
|a SNBA2017/04
|
| 020 |
|
|
|a 9788089616206
|q (brož.)
|
| 035 |
|
|
|a urn:nbn:sk:snk-am00dfny
|
| 035 |
|
|
|a urn:nbn:sk:snk-am3i0o6
|
| 035 |
|
|
|a 4498EF6A-229F-4112-BA50-F01678CC42E7
|
| 040 |
|
|
|a SNK
|b slo
|c SNK
|e AACR2
|
| 041 |
0 |
|
|a slo
|
| 044 |
|
|
|a xo
|c SK
|
| 072 |
|
7 |
|a 51
|x Matematika
|2 konspekt
|
| 080 |
|
|
|a 51
|2 2011
|
| 080 |
|
|
|a 512.1
|2 2011
|
| 080 |
|
|
|a 511.1
|2 2011
|
| 080 |
|
|
|a (035)
|2 2011
|
| 100 |
1 |
|
|a Hofmanová, Alena,
|d 1961-
|4 aut
|9 162828
|
| 245 |
1 |
0 |
|a Matematika polopate
|b názorné logické riešenie slovných úloh a aritmetických príkladov
|c Alena Hofmanová ; [ilustrácie: Jana Filová]
|
| 246 |
1 |
3 |
|a Matematika polopate logické riešenie slovných úloh a aritmetických príkladov
|
| 250 |
|
|
|a 2. rozšírené vyd.
|
| 260 |
|
|
|a [Senica]
|b hofmanova s.r.o.
|c 2016
|
| 300 |
|
|
|a 210 s.
|b ilustr., tab.
|c 30 cm
|
| 490 |
1 |
|
|a Polopate
|
| 500 |
|
|
|a Miesto vydania podľa ISBN
|
| 504 |
|
|
|a Vysvetliky
|
| 650 |
0 |
7 |
|a matematika
|2 SNKPH
|9 70174
|
| 650 |
0 |
7 |
|a slovné úlohy
|2 SNKPH
|9 75512
|
| 650 |
0 |
7 |
|a aritmetika
|2 SNKPH
|9 734
|
| 650 |
0 |
7 |
|a Mathematics
|2 SNKPHeng
|9 265620
|
| 650 |
0 |
7 |
|a Verbal problems
|2 SNKPHeng
|9 346694
|
| 650 |
0 |
7 |
|a Arithmetic
|2 SNKPHeng
|9 346695
|
| 655 |
|
7 |
|a príručky
|2 SNKPH
|9 74364
|
| 655 |
|
7 |
|a Handbooks, manuals, etc.
|2 SNKPHeng
|9 90964
|
| 700 |
1 |
|
|a Filová, Jana
|4 ill
|9 342383
|
| 830 |
|
0 |
|a Polopate
|9 342384
|
| 919 |
|
|
|a 978-80-89616-20-6
|
| 999 |
|
|
|c 591985
|d 593915
|
| 952 |
|
|
|a SNK
|b SNK
|y PREZ
|7 0
|p 17A1256272
|o snkSB 91378
|i snk2017/7087
|8 0
|0 0
|1 0
|4 0
|d 2017-03-20
|f 1
|l 0
|r 2025-05-14 00:00:00
|w 2026-02-23
|
| 952 |
|
|
|a SNK
|b SNKPULT
|y VYP
|7 0
|p 17A1256226
|o snkSB 91378 D1
|i snk2017/7161
|8 0
|0 0
|1 0
|4 0
|d 2017-03-20
|l 1
|m 2
|q 2026-05-25
|r 2026-02-28 18:51:35
|s 2026-02-28
|w 2026-02-23
|
| 952 |
|
|
|t snkHOF 51
|a SNKUST
|b SNKUST
|y PREZ
|7 0
|p 17A1260726
|o snkSB 91378 D2
|i snk2017/14051
|8 0
|0 0
|1 0
|4 0
|d 2017-06-15
|l 0
|r 2025-03-21 00:00:00
|w 2026-02-23
|